01664nam a22001337a 4500008004100000020001800041082001500059100005900074245003500133260015200168300002400320505109000344650009601434180803b xxu||||| |||| 00| 0 eng d a9788461447381 a708bES79m aEstévez, Fernando y De Santa Ana, Mariano (Editores) aMemorias y Olvidos del Archivo aMadridbOrganismo Autónomo de Museos y Centros del Excmo. Cabildo Insular de Tenerife, Centro Atlántico de Arte Moderno y Outer Edicionesc2010 a269 p.bill.c24 cm tMemorias y olvidos del ArchivorEstévez, Fernando y De Santa Ana, Marianot«Ceci n'est pas una archive»rBlasco, JorgetArchivo y Memoria en el Reino de los ReplicantesrEstévez, Fernando tRelatos. Del albúm de familia a Facebook (Con un epílogo de Isaías Griñolo)rEnguita, Nuriat«Copy is Right» Tres momentos fundamentales de la poética de la apropiación audiovisualrWeinritchter, AntoniotEl objeto y el fín rValcárcel, IsidorotTipologías y genealogías del Archivo en el Siglo XX. «Otra historia del arte del Siglo XX»rWash, Anna MaríatDe los usos y desventajas del archivo para el arterHernández, YaizatL - Carnet '37rLahuerta, Juan JosétAnarchivosrRomero, Pedro G.tHacer memoria. EL caso de «Arts Combinatòries», lugar de educación, exposición e investigación de la Fundación Antoni TàpiesrRassel, LaurencetFantasmas del archivorDe Santa Ana, MarianotNotas sobre vínculos, consciencia y el doblez. Notas sobre el doble, archivo y el yo existente.rBeltrán, EricktEntre ArchivosrMuntadas, AntonitReferencias 2ArchivoxArte - documentaciónxArte - congresoxArchivos - ArtexArchivos - Arte Congreso